| 000 | 00345nam a22001337a 4500 | ||
|---|---|---|---|
| 008 | 250704b |||||||| |||| 00| 0 eng d | ||
| 020 | _a0815786824 | ||
| 050 |
_aHD8380 _b.L33 |
||
| 100 | _aILLMAN Lloyd | ||
| 245 | _aLabour and an Integrated Europe | ||
| 260 |
_aWashington _bThe Brooking Institution _c1993 |
||
| 300 | _aviii, 295p. | ||
| 942 | _cBK | ||
| 999 |
_c4146 _d4146 |
||